00550nam a22001457a 450000500170000001000160001702000230003303500160005603700090007210000250008124501340010624600410024026000940028130000290037520120912164212.0 aB-472585-89 c200.00a8181880994 aB-472585-89 bBPPD aا سلم ر ا ہی aخير الد ين با ر بر وسہcا سلم ر اہیbد لچسپ اور و لو لہ ا نگيز تا ر يخی نا ول aKhair Uddin Bar BrosabBy Aslam Rahi a3243-کو چہ تا رہ چند د ر يا گنج ن‏ دھلیbعا کف بک ڈ پو  a472 صc18 Cm.(P.b)